| 000 | 00749nam a22002417a 4500 | ||
|---|---|---|---|
| 003 | UA-OsUOA | ||
| 001 | 66056 | ||
| 007 | ta | ||
| 008 | 20091217b un ||||| |||| 00| 0 ukr d | ||
| 100 | _aЗатонский Д. | ||
| 090 |
_a82.09:7.038.6 _bЗ-37 |
||
| 942 | _cBK | ||
| 040 |
_aUA-OsUOA _brus _cUA-OsUOA _dUA-OsUOA |
||
| 245 |
_aМодернизм и постмодернизм _bмысли об извечном коловращении изящных и неизящных искусств |
||
| 300 | _a256 с. | ||
| 955 | _a2 | ||
| 041 | _arus | ||
| 080 | _a82.09:7.038.6 | ||
| 020 | _a966-03-0754-3 | ||
| 260 |
_aМ. _bАСТ _c2000 |
||
| 650 | 7 |
_a82 Література. Літературознавство _2UDC |
|
| 999 |
_c351838 _d351838 |
||